00836nam a2200181 i 4500001000700000003000900007005001700016007000300033008004100036110007300077245015600150260011800306300002200424610003500446852003200481999001900513952012200532122679ES-MaACL20230906192025.0t|070214s1962 sp r ||||1| spa d0 aConsejo Económico Sindical (España). bGabinete Técnico.9319813aLa problemática del Mercado Común y España b: síntesis de las conferencias pronunciadas en la Delegación Provincial de Sindicatos de Madrid. aMadrid : bOrganización Sindical C. N. S. de Madrid, Gabinete Técnico del Consejo Economico Sindical, c1962. a100 p. ; c24 cm.04aMercado Común Europeo.95683 aES-MaACLjC-25367 bR.53226 c122679d122679 00104070aATENEOMbATENEOMcDEPO2d2008-01-17eSCl0oC-25367p1127833r2023-02-23 00:00:00w2023-02-23yMONOGRAFIA